Catálogo
 En Linea

Programa de eventos del 1992 en la República Dominicana con motivo del Quinto Centenario del Descubrimiento y Evangelización de América. (Registro nro. 31654)

Detalles MARC
000 -CABECERA
campo de control de longitud fija 00577nam a2200133 a 4500
001 - NÚMERO DE CONTROL
campo de control 000032163
005 - FECHA Y HORA DE LA ÚLTIMA TRANSACCIÓN
campo de control 20200930063501.0
008 - DATOS DE LONGITUD FIJA--INFORMACIÓN GENERAL
campo de control de longitud fija 110713s1992 000 spa d
040 ## - FUENTE DE LA CATALOGACIÓN
Centro catalogador/agencia de origen DO-SdBNP
Lengua de catalogación spa
Centro/agencia transcriptor BNPHU
082 ## - NÚMERO DE LA CLASIFICACIÓN DECIMAL DEWEY
Número de clasificación xxxx
Número de documento/Ítem P964
245 #0 - MENCIÓN DE TÍTULO
Título Programa de eventos del 1992 en la República Dominicana con motivo del Quinto Centenario del Descubrimiento y Evangelización de América.
260 ## - PUBLICACIÓN, DISTRIBUCIÓN, ETC.
Lugar de publicación, distribución, etc. Santo Domingo :
Nombre del editor, distribuidor, etc. Comisión Dominicana Permanente para la Celebración del Quinto Centenario del Descubrimiento y Evangelazación de América,
Fecha de publicación, distribución, etc. 1992.
300 ## - DESCRIPCIÓN FÍSICA
Extensión 115 p. ;
Dimensiones 23 cm.
Existencias
Estado de retiro Estado de pérdida Restricciones de uso No para préstamo Código de colección Localización permanente Ubicación/localización actual Ubicación en estantería Fecha de adquisición Número de inventario Total de préstamos Signatura topográfica completa Código de barras Fecha visto por última vez Número de copia Precio válido a partir de Tipo de ítem Koha
      Excluido de préstamo Monografías: Libros y Folletos General General En catalogación 13.07.2011 LF1   xxxx P964 32163-30 25.06.2020 e. 3 25.06.2020 No se presta
      Excluido de préstamo Monografías: Libros y Folletos Patrimonio Dominicano Patrimonio Dominicano En catalogación 13.07.2011 LF1   xxxx P964 32163-10 25.06.2020   25.06.2020 No se presta
      Excluido de préstamo Monografías: Libros y Folletos Patrimonio Dominicano Patrimonio Dominicano En catalogación 13.07.2011 LF1   xxxx P964 32163-20 25.06.2020 e. 2 25.06.2020 No se presta

Con tecnología Koha